<?xml version="1.0" encoding="UTF-8"?>
<record
    xmlns:xsi="http://www.w3.org/2001/XMLSchema-instance"
    xsi:schemaLocation="http://www.loc.gov/MARC21/slim http://www.loc.gov/standards/marcxml/schema/MARC21slim.xsd"
    xmlns="http://www.loc.gov/MARC21/slim">

  <leader>02030nam a2200265 i 4500</leader>
  <datafield tag="999" ind1=" " ind2=" ">
    <subfield code="c">8058</subfield>
    <subfield code="d">8058</subfield>
  </datafield>
  <controlfield tag="001">991061501269406706</controlfield>
  <controlfield tag="003">OSt</controlfield>
  <controlfield tag="005">20260325132250.0</controlfield>
  <controlfield tag="008">251023e202109  xx o          001 0 cat c</controlfield>
  <datafield tag="020" ind1=" " ind2=" ">
    <subfield code="a">9788419571618</subfield>
  </datafield>
  <datafield tag="040" ind1=" " ind2=" ">
    <subfield code="c">cdmr</subfield>
  </datafield>
  <datafield tag="100" ind1="1" ind2=" ">
    <subfield code="a">Maci&#xE0;, Miquel,</subfield>
    <subfield code="d">1957-</subfield>
  </datafield>
  <datafield tag="245" ind1="1" ind2="0">
    <subfield code="a">Vida i mort dels mitjans de comunicaci&#xF3; de Vic (1939-2025) /</subfield>
    <subfield code="c">Miquel Maci&#xE0;</subfield>
  </datafield>
  <datafield tag="264" ind1=" " ind2="1">
    <subfield code="a">Barcelona :</subfield>
    <subfield code="b">Saldonar,</subfield>
    <subfield code="c">setembre del 2025</subfield>
  </datafield>
  <datafield tag="300" ind1=" " ind2=" ">
    <subfield code="a">622 p&#xE0;gines :</subfield>
    <subfield code="b">fotografies en blanc i negre ;</subfield>
    <subfield code="c">25 cm</subfield>
  </datafield>
  <datafield tag="504" ind1=" " ind2=" ">
    <subfield code="a">Bibliografia:  p&#xE0;gines [533]-535. &#xCD;ndex</subfield>
  </datafield>
  <datafield tag="505" ind1="8" ind2=" ">
    <subfield code="a">Cont&#xE9;: Introducci&#xF3; -- 1. L&#x2019;Ausona del franquisme -- 2. Les primeres r&#xE0;dios -- 3. La R&#xE0;dio Vic en fam&#xED;lia de Ramon Bellafont -- 4. El 9 Nou del poble i de la democr&#xE0;cia -- 5. L&#x2019;Ausona nacionalista -- 6. La Marxa de Catalunya -- 7. TVO i les televisions dels pioners -- 8. La R&#xE0;dio Vic de Joan Orriols -- 9. Els millors anys d&#x2019;El 9 Nou -- 10. La TVO d&#x2019;Orriols i Monells -- 11. L&#x2019;Ausona de Prensa Ib&#xE9;rica -- 12. La R&#xE0;dio Vic de Luis del Olmo -- 13. Les r&#xE0;dios del Portalet: Ona Osona i R&#xE0;dio Vic -- 14. La factoria Romeu: TVO, La Marxa i el M&#xE9;s La Marxa -- 15. Nicola Pedrazzoli, l&#x2019;home de Telecinco, al Canal Catal&#xE0; Osona -- 16. La factoria Turr&#xF3;: premsa, R&#xE0;dio Vic i TVO -- 17. La factoria Debant: Canal Taronja i Cadena SER -- 18. La premsa comercial gratu&#xEF;ta -- 19. Osona.com, la premsa digital -- 20. El 9 Nou, sense compet&#xE8;ncia per&#xF2; en decad&#xE8;ncia -- 21. Qu&#xE8; se&#x2019;n va fer, d&#x2019;aquella gent i del seu periodisme? -- 22. La pregunta: tenen futur els mitjans de comunicaci&#xF3; local? -- Annex documenta -- Cronologia</subfield>
  </datafield>
  <datafield tag="650" ind1=" " ind2="7">
    <subfield code="a">Mitjans de comunicaci&#xF3; de massa</subfield>
    <subfield code="z">Catalunya</subfield>
    <subfield code="z">Vic</subfield>
    <subfield code="x">Hist&#xF2;ria</subfield>
    <subfield code="y">1939-2025</subfield>
  </datafield>
  <datafield tag="650" ind1=" " ind2="7">
    <subfield code="a">Mitjans de comunicaci&#xF3; de massa locals</subfield>
    <subfield code="z">Catalunya</subfield>
    <subfield code="z">Osona</subfield>
    <subfield code="x">Hist&#xF2;ria</subfield>
  </datafield>
  <datafield tag="650" ind1=" " ind2="7">
    <subfield code="a">Premsa</subfield>
    <subfield code="z">Catalunya</subfield>
    <subfield code="z">Vic</subfield>
    <subfield code="x">Hist&#xF2;ria</subfield>
  </datafield>
  <datafield tag="650" ind1=" " ind2="7">
    <subfield code="a">Premsa electr&#xF2;nica</subfield>
    <subfield code="z">Catalunya</subfield>
    <subfield code="z">Vic</subfield>
    <subfield code="x">Hist&#xF2;ria</subfield>
  </datafield>
  <datafield tag="650" ind1=" " ind2="7">
    <subfield code="a">Radiodifusi&#xF3;</subfield>
    <subfield code="z">Catalunya</subfield>
    <subfield code="z">Vic</subfield>
    <subfield code="x">Hist&#xF2;ria</subfield>
  </datafield>
  <datafield tag="650" ind1=" " ind2="7">
    <subfield code="a">Televisi&#xF3;</subfield>
    <subfield code="z">Catalunya</subfield>
    <subfield code="z">Vic</subfield>
    <subfield code="x">Hist&#xF2;ria</subfield>
  </datafield>
  <datafield tag="942" ind1=" " ind2=" ">
    <subfield code="c">MON</subfield>
  </datafield>
  <datafield tag="952" ind1=" " ind2=" ">
    <subfield code="0">0</subfield>
    <subfield code="1">0</subfield>
    <subfield code="4">0</subfield>
    <subfield code="7">0</subfield>
    <subfield code="a">CDMR</subfield>
    <subfield code="b">CDMR</subfield>
    <subfield code="d">2026-03-25</subfield>
    <subfield code="e">Donaci&#xF3;</subfield>
    <subfield code="l">0</subfield>
    <subfield code="o">Du 8/60</subfield>
    <subfield code="p">CDMR26031259</subfield>
    <subfield code="r">2026-03-25</subfield>
    <subfield code="w">2026-03-25</subfield>
    <subfield code="y">MON</subfield>
  </datafield>
</record>
